MARC details
| 000 -LEADER |
| campo de control de longitud fija |
02478nam a2200385 i 4500 |
| 001 - NÚMERO DE CONTROL |
| campo de control |
193583 |
| 003 - IDENTIFICADOR DE NÚMERO DE CONTROL |
| campo de control |
SpMaBN |
| 005 - FECHA Y HORA DE LA ÚLTIMA TRANSACCIÓN |
| campo de control |
20250720091906.0 |
| 007 - CAMPO FIJO DE DESCRIPCIÓN FÍSICA--INFORMACIÓN GENERAL |
| campo de control de longitud fija |
ta |
| 008 - DATOS DE LONGITUD FIJA--INFORMACIÓN GENERAL |
| campo de control de longitud fija |
181204s2018 sp | |||| 000 p spa |
| 017 ## - NÚMERO DE COPYRIGHT O DE DEPÓSITO LEGAL |
| Número de copyright o de depósito legal |
M 14519-2018 |
| Agencia que asigna |
Oficina Depósito Legal Madrid |
| 020 ## - NÚMERO INTERNACIONAL ESTÁNDAR DEL LIBRO |
| Número Internacional Estándar del Libro |
9788494862137 |
| 035 ## - NÚMERO DE CONTROL DEL SISTEMA |
| Número de control de sistema |
(OCoLC)1103695878 |
| 040 ## - FUENTE DE CATALOGACIÓN |
| Centro catalogador/agencia de origen |
SpMaBN |
| Lengua de catalogación |
spa |
| Centro/agencia transcriptor |
SpMaBN |
| Normas de descripción |
rda |
| 080 ## - NÚMERO DE LA CLASIFICACIÓN DECIMAL UNIVERSAL |
| Número de la Clasificación Decimal Universal |
821.134.2-14"19" |
| 100 1# - ENTRADA PRINCIPAL--NOMBRE DE PERSONA |
| Nombre de persona |
Lucía Megías, José Manuel, |
| Fechas asociadas al nombre |
1967- |
| Relación |
aut |
| Número de control del registro de autoridad o número normalizado |
XX1067264 |
| Término indicativo de función/relación |
Autor |
| 9 (RLIN) |
240291 |
| 245 10 - MENCIÓN DEL TÍTULO |
| Título |
Versos que un día escribí desnudo / |
| Mención de responsabilidad, etc. |
José Manuel Lucía Megías ; prólogo, Luis Alberto de Cuenca |
| 250 ## - MENCION DE EDICION |
| Mención de edición |
Primera edición: mayo 2018 |
| 264 #1 - PRODUCCIÓN, PUBLICACIÓN, DISTRIBUCIÓN, FABRICACIÓN Y COPYRIGHT |
| Producción, publicación, distribución, fabricación y copyright |
Madrid : |
| Nombre del de productor, editor, distribuidor, fabricante |
Bala Perdida, |
| Fecha de producción, publicación, distribución, fabricación o copyright |
2018 |
| 300 ## - DESCRIPCIÓN FÍSICA |
| Extensión |
79 páginas ; |
| Dimensiones |
22 cm |
| 336 ## - TIPO DE CONTENIDO |
| Término de tipo de contenido |
Texto |
| Fuente |
rdacontent |
| 337 ## - TIPO DE MEDIO |
| Nombre/término del tipo de medio |
sin mediación |
| Fuente |
rdamedia |
| 338 ## - TIPO DE SOPORTE |
| Nombre/término del tipo de soporte |
volumen |
| Fuente |
rdacarrier |
| 490 0# - MENCIÓN DE SERIE |
| Mención de serie |
Poesía |
| Designación de volumen o secuencia |
; 3 |
| 500 ## - NOTA GENERAL |
| Nota general |
Índice |
| 520 ## - RESUMEN, ETC. |
| Sumario, etc. |
José Manuel Lucía escribe desnudo sobre unas rocas de la costa mediterránea, despojado de todo lo que no sea evocación de un gran amor perdido, de todo lo que no sea la huella que un cuerpo y un espíritu dejaron en su cuerpo y en su espíritu, de todo lo que no sea recuerdo del tiempo transcurrido en pareja, cuando todo se multiplicaba por dos y no existía la soledad.<br/><br/> Y lo hace en 59 poemas que funcionan a modo de diario de a bordo de una travesía angustiosa marcada por la ausencia del ser amado, como coda de una historia que exige ser escrita para poder borrarse del todo.<br/><br/> Como en la soleá que preside estas líneas preliminares, José Manuel ha recordado hasta el delirio los pormenores de su amor pretérito con un solo objetivo: ser capaz de olvidarlo. Cernuda escribió aquello de «olvido de ti, sí, mas no ignorancia tuya». Es eso lo que busca el poeta desnudo en una playa cualquiera de Levante: olvidar —no ignorar—, ante la anonadante inmensidad del mar, la pequeñez hiriente de un corazón llagado.<br/><br/>Luis Alberto de Cuenca |
| 655 #7 - TERMINO DE INDIZACIÓN--GENERO/FORMA |
| Datos o término principal de género/forma |
Poesías |
| Fuente del término |
tgfbne |
| 9 (RLIN) |
176539 |
| 700 1# - ENTRADA AGREGADA--NOMBRE PERSONAL |
| Nombre de persona |
Cuenca, Luis Alberto de, |
| Fechas asociadas al nombre |
1950- |
| Término indicativo de función/relación |
Autor de introducción |
| 9 (RLIN) |
240908 |
| 852 ## - LOCALIZACIÓN |
| Ubicación |
ES-MaACL |
| Sublocalización o colección |
R. 154452 |
| Ubicación en estantería |
Depósito J |
| Número de control de estantería |
N-9591 |
| Donativo/Legado |
Donación: José Manuel Lucía Megías |
| itemnumber |
201046 |
| Encuadernación |
Encuadernación rústica con solapas |
| 903 ## - NOMBRE PERSONAL DE DONANTE |
| a |
Lucía Megías, José Manuel, |
| d |
1967- |
| e |
Donante |
| 9 |
240291 |
| 942 ## - ELEMENTOS DE ENTRADA SECUNDARIOS (KOHA) |
| Suprimir en OPAC |
No |
| Tipo de ítem Koha |
Libro impreso |